|
|
|
|
| LEADER |
00000nam a22000007a 4500 |
| 005 |
20190819162331.0 |
| 007 |
cr|||| |||| |
| 008 |
190819s2017 br |||||s|||| 00||0 por d |
| 020 |
|
|
|a 978-85-68483-63-3
|
| 035 |
|
|
|a 24117
|
| 040 |
|
|
|a vLex
|
| 090 |
|
|
|c 9233
|d 9233
|
| 100 |
1 |
|
|a da Rocha, Fb̀io Amorim
|
| 245 |
1 |
0 |
|a Temas relevantes no direito de energia elťrica
|h [Recurso electrn̤ico] /
|c Fb̀io Amorim da Rocha
|n Tomo VI
|
| 256 |
|
|
|a Servicio en ln̕ea
|
| 260 |
|
|
|a Rio de Janeiro:
|b Synergia Editora,
|c 2017
|
| 300 |
|
|
|a 1 recurso electrn̤ico
|
| 500 |
|
|
|a "Temas Relevantes no Direito de Energia Elťrica" foi concebido pela ausn̊cia de obras especializadas no direito de energia elťrica. Poucos eram os livros e muito menos as coleė̳s que tratavam especificamente desse ramo tô especial do Direito brasileiro. Por conseguinte, nô h ̀dv︢ida de que o Direito de Energia Elťrica ̌um dos temas de maior relevńcia para a anl̀ise das relaė̳s do Estado brasileiro com a economia, o que exige conhecimento especf̕ico e assim se desdobra e envolve temas outrora exclusivos do Direito Administrativo; do Direito Tributr̀io; do Direito Ambiental; do Direito da Concorrn̊cia e do Direito Empresarial isso sem falar nas respectivas peculiaridades trabalhistas. Organizado pelo Professor Fb̀io Amorim da Rocha, um dos grandes especialistas brasileiros no Direito de Energia Elťrica, a obra contempla a conjugaȯ̂ de artigos de alta relevńcia para o estudo e a aplicaȯ̂ prt̀ica do Direito de Energia Elťrica (brasileiro e mundial), servindo como objeto de pesquisa e consulta, e sendo citadas em trabalhos, outros livros e monografias.
|
| 506 |
1 |
|
|a Disponible solo en los productos indicados
|d vLex Global
|d vLex Global (Academic Edition, excluding Law Schools)
|d vLex Global (U.S. Academic Edition, Law Schools)
|d vLex Global (U.S. Academic Edition, excluding Law Schools)
|d vLex Global (Academic Edition, Law Schools)
|
| 650 |
0 |
4 |
|a Energa̕
|z Brasil
|
| 650 |
0 |
4 |
|a Electricidad
|z Brasil
|
| 740 |
0 |
|
|a vLex Libros (Servicio en ln̕ea)
|
| 856 |
4 |
0 |
|u http://vlex.com/source/temas-relevantes-no-direito-de-energia-eletrica-tomo-vi-24117
|z Acceso restringido
|
| 942 |
|
|
|c BOOK
|
| 999 |
0 |
|
|a Energy
|
| 999 |
0 |
|
|a Electricity
|